000 00734nam a2200217Ii 4500
003 JO-AjNU
008 230605s9999||||xx |||||||||||||| ||und||
017 _a2005/7/1625
020 _a5-095-32-9957
040 _aJO-AjNU
_bara
_erda
_cJO-AjNU
041 _aara
050 1 4 _aQA3702.B346 2008
100 3 _aالبياتي، محمود مهدي,
_eauthor
_928247
245 0 0 _aالرياضيات وتطبيقاتها في العلوم الادارية والاقتصادية
264 3 1 _aعمان:دار الحامد، 2008
300 _a336ص
336 _atext
_btxt
_2rdacontent
337 _aunmediated
_bn
_2rdamedia
338 _avolume
_bnc
_2rdacarrier
650 4 _aالرياضيات - اقتصاد اداري
_928248
999 _aA10932
_c14500
_d14500